| 000 | 00780nam a2200265 a 4500 | ||
|---|---|---|---|
| 001 | 593 | ||
| 003 | BD-RjUL | ||
| 005 | 20211208233214.0 | ||
| 008 | 690710s1968 enkafh b 001 0 eng | ||
| 020 | _a0900092017 | ||
| 035 | _a(BD-RjUL)611 | ||
| 040 |
_aDLC _cDLC _dDLC _dBD-RjUL _beng |
||
| 041 | _aeng | ||
| 082 | 0 | 0 |
_a025.129 _bMAD 1968 |
| 100 | 1 |
_aMason, Donald. _91819 |
|
| 245 | 1 | 0 |
_aDocument reproduction in libraries / _cDonald Mason. |
| 260 |
_aLondon : _bAssociation of Assistant Librarians, _c1968. |
||
| 300 |
_a149 p. : _b8 plates, illus., facsim. ; _c23 cm. |
||
| 504 | _aBibliography: p.144. | ||
| 650 | 0 |
_aCopying processes. _91820 |
|
| 710 | 2 |
_aAssociation of Assistant Librarians. _91821 |
|
| 942 |
_2ddc _cBK |
||
| 999 |
_c593 _d593 |
||